[Event "ICS rated standard match"]
[Site "204.178.125.65"]
[Date "2001.04.28"]
[Round "?"]
[White "Hossa"]
[Black "prouddame"]
[Result "1-0"]
[WhiteElo "2335"]
[BlackElo "1391"]
[PlyCount "63"]
[EventDate "2001.??.??"]

1. e4 e6 2. Nf3 d5 3. Nc3 Nf6 4. e5 Nfd7 5. d4 Bb4 6. Be2 c5 7. a3 Bxc3+ 8.
bxc3 c4 9. O-O O-O 10. Bg5 f6 11. exf6 Nxf6 12. Qc1 Nbd7 13. Bh4 Qe8 14. Bg3
Ne4 15. Qe3 Nxg3 16. fxg3 Nf6 17. Ne5 Bd7 18. Rf2 Ba4 19. Bf3 Qe7 20. Re2 Rfe8
21. Rb1 b6 22. Rb4 Bd7 23. g4 h6 24. g5 hxg5 25. Qxg5 Nh7 26. Qh5 Rf8 27. Ng6
Qf6 28. Nxf8 Rxf8 29. Rb1 Qg5 30. Rf1 Qxh5 31. Bxh5 Be8 32. Rxf8+ {
prouddame resigns} 1-0

[Event "ICS rated standard match"]
[Site "204.178.125.65"]
[Date "2001.04.28"]
[Round "?"]
[White "snus"]
[Black "Hossa"]
[Result "0-1"]
[WhiteElo "1587"]
[BlackElo "2335"]
[PlyCount "45"]
[EventDate "2001.??.??"]

1. d4 Nf6 2. c4 e6 3. Nc3 Bb4 4. e3 c5 5. Nf3 cxd4 6. exd4 d5 7. Bd3 dxc4 8.
Bxc4 O-O 9. Bd3 b6 10. Bg5 Bb7 11. O-O Nc6 12. a3 Be7 13. Rc1 Rc8 14. Re1 Re8
15. Bh4 a6 16. Qd2 Na5 17. Qe2 Nb3 18. Rcd1 b5 19. Bc2 Bxf3 20. Qxf3 Nxd4 21.
Bxh7+ Nxh7 22. Bxe7 Nxf3+ 23. gxf3 {snus resigns} 0-1

[Event "ICS rated standard match"]
[Site "204.178.125.65"]
[Date "2001.04.28"]
[Round "?"]
[White "Hossa"]
[Black "freewayblitz"]
[Result "1-0"]
[WhiteElo "2335"]
[BlackElo "1646"]
[PlyCount "45"]
[EventDate "2001.??.??"]

1. c4 b6 2. Nc3 Nf6 3. d4 Bb7 4. f3 e6 5. e4 Bb4 6. e5 Nh5 7. Be3 g6 8. Nh3 Nc6
9. g4 Ng7 10. Bg2 Na5 11. Qd3 Ba6 12. b3 Bxc3+ 13. Qxc3 f6 14. exf6 Qxf6 15.
Bg5 Qf7 16. f4 h6 17. Bxa8 hxg5 18. O-O gxf4 19. Nxf4 Rh4 20. Qg3 g5 21. Ng2
Qg6 22. Qxc7 Rxg4 23. Qb8+ {freewayblitz resigns} 1-0

[Event "ICS rated standard match"]
[Site "204.178.125.65"]
[Date "2001.04.28"]
[Round "?"]
[White "Hossa"]
[Black "freewayblitz"]
[Result "1-0"]
[WhiteElo "2336"]
[BlackElo "1665"]
[PlyCount "83"]
[EventDate "2001.??.??"]

1. c4 b6 2. Nc3 g6 3. d4 Bg7 4. e4 Bb7 5. Nf3 e6 6. Bd3 Ne7 7. Bf4 O-O 8. h4 h6
9. Qd2 Kh7 10. O-O-O Rh8 11. g4 Nbc6 12. Nb5 d6 13. h5 Kg8 14. hxg6 Nxg6 15.
Bxh6 a6 16. Bxg7 Rxh1 17. Rxh1 Kxg7 18. Nc3 Nb4 19. Bb1 Qf6 20. Ng5 Rh8 21.
Rxh8 Nxh8 22. d5 a5 23. Nb5 Na6 24. dxe6 fxe6 25. f4 Ng6 26. f5 Ne5 27. Nxe6+
Kg8 28. g5 Qh8 29. b3 Qh1+ 30. Qd1 Bxe4 31. Qxh1 Bxh1 32. Nexc7 Nb4 33. Nxd6
Nbd3+ 34. Bxd3 Nxd3+ 35. Kd2 Ne5 36. Ke3 Bc6 37. Nd5 Kg7 38. Nxb6 Nf3 39. f6+
Kf8 40. Nd7+ Bxd7 41. Kxf3 a4 42. b4 {freewayblitz resigns} 1-0

[Event "ICS rated standard match"]
[Site "204.178.125.65"]
[Date "2001.04.28"]
[Round "?"]
[White "PsiSaGe"]
[Black "Hossa"]
[Result "0-1"]
[WhiteElo "1559"]
[BlackElo "2337"]
[PlyCount "67"]
[EventDate "2001.??.??"]

1. c4 b6 2. Nc3 Bb7 3. Nf3 f5 4. g3 e5 5. Bg2 Nf6 6. O-O Bd6 7. d4 exd4 8. Qxd4
O-O 9. Bg5 Nc6 10. Bxf6 Nxd4 11. Bxd8 Bxf3 12. exf3 Raxd8 13. f4 Rfe8 14. Rfe1
Bb4 15. Rxe8+ Rxe8 16. Nd5 Bd6 17. Kf1 c6 18. Ne3 Be7 19. Rd1 Bf6 20. h3 g6 21.
g4 a6 22. g5 Bg7 23. h4 Re7 24. Bh3 Ne6 25. h5 Nxf4 26. Bg2 Bxb2 27. hxg6 hxg6
28. Bf3 Nh3 29. Ng2 Nxg5 30. Nf4 Nxf3 31. Nxg6 Rg7 32. Rd6 Be5 33. Ne7+ Rxe7
34. Rg6+ {PsiSaGe resigns} 0-1

[Event "ICS rated standard match"]
[Site "204.178.125.65"]
[Date "2001.04.28"]
[Round "?"]
[White "Hossa"]
[Black "freewayblitz"]
[Result "1-0"]
[WhiteElo "2337"]
[BlackElo "1664"]
[PlyCount "33"]
[EventDate "2001.??.??"]

1. c4 e5 2. Nc3 Nf6 3. Nf3 c6 4. Nxe5 d5 5. cxd5 Nxd5 6. d4 Bf5 7. e3 Nb4 8. e4
Bg6 9. a3 N4a6 10. Qb3 b6 11. Bxa6 Qxd4 12. Nxg6 hxg6 13. Bb7 Bd6 14. Bxa8 Rxh2
15. Rxh2 Bxh2 16. Qa4 Kd7 17. Qxd4+ {freewayblitz resigns} 1-0

[Event "ICS rated standard match"]
[Site "204.178.125.65"]
[Date "2001.04.28"]
[Round "?"]
[White "freewayblitz"]
[Black "Hossa"]
[Result "0-1"]
[WhiteElo "1663"]
[BlackElo "2338"]
[PlyCount "60"]
[EventDate "2001.??.??"]

1. d4 Nf6 2. Bg5 c5 3. Bxf6 exf6 4. d5 Qb6 5. b3 Bd6 6. c4 Be5 7. Nd2 Bxa1 8.
Qxa1 a5 9. a4 Na6 10. g3 Nb4 11. Qb2 O-O 12. Ngf3 Re8 13. e3 Qc7 14. Be2 d6 15.
O-O Bg4 16. Qb1 Qd7 17. Rc1 Qf5 18. e4 Qh5 19. Rc3 f5 20. Re3 fxe4 21. Nxe4 f5
22. h3 Bxf3 23. Bxf3 Qg6 24. Nc3 Rxe3 25. fxe3 Qxg3+ 26. Bg2 Qxe3+ 27. Kh1 Qxc3
28. Qxf5 Re8 29. Qd7 Re1+ 30. Kh2 Qe5# {freewayblitz checkmated} 0-1

[Event "ICS rated standard match"]
[Site "204.178.125.65"]
[Date "2001.04.28"]
[Round "?"]
[White "Hossa"]
[Black "freewayblitz"]
[Result "1-0"]
[WhiteElo "2339"]
[BlackElo "1662"]
[PlyCount "67"]
[EventDate "2001.??.??"]

1. c4 c5 2. Nc3 Nc6 3. g3 g6 4. Bg2 Bg7 5. e3 e6 6. Nf3 Nf6 7. O-O O-O 8. d4 d5
9. cxd5 cxd4 10. dxc6 dxc3 11. Qxd8 Rxd8 12. cxb7 Bxb7 13. bxc3 Nd5 14. Nd4
Rac8 15. Bb2 e5 16. Nb5 a6 17. Na3 f5 18. c4 Nb4 19. Bxb7 Rb8 20. Bh1 Nd3 21.
Bc3 Bf8 22. Nc2 e4 23. Ne1 Rbc8 24. Ba5 Rd6 25. Nxd3 Rxd3 26. Rfc1 Bg7 27. Rab1
Ra3 28. Be1 Rxa2 29. c5 a5 30. c6 Be5 31. Rb5 Bc7 32. g4 fxg4 33. Bxe4 a4 34.
Bd5+ {freewayblitz resigns} 1-0

[Event "ICS rated standard match"]
[Site "204.178.125.65"]
[Date "2001.04.28"]
[Round "?"]
[White "kolyap"]
[Black "Hossa"]
[Result "1/2-1/2"]
[WhiteElo "1695"]
[BlackElo "2340"]
[PlyCount "123"]
[EventDate "2001.??.??"]

1. Nf3 d5 2. d4 Nf6 3. e3 g6 4. Be2 Bg7 5. O-O O-O 6. c3 Bf5 7. Ne5 Nc6 8. Nxc6
bxc6 9. Nd2 Re8 10. Nf3 Qd6 11. Ne5 Nd7 12. Nxd7 Qxd7 13. b3 c5 14. Ba3 cxd4
15. cxd4 Be4 16. Rc1 e5 17. Bb2 f6 18. Ba6 Re6 19. Be2 Re7 20. f3 Bh6 21. fxe4
Bxe3+ 22. Kh1 Bxc1 23. Qxc1 exd4 24. Bxd4 Rxe4 25. Qb2 f5 26. Bf3 Re6 27. Qf2
c6 28. Ba1 h6 29. Qd4 Kh7 30. h4 Qe7 31. Bc3 Rd8 32. g3 c5 33. Qf4 d4 34. Bd2
Qg7 35. h5 Rf8 36. hxg6+ Rxg6 37. Be4 Rg5 38. g4 fxe4 39. Qxf8 Qxf8 40. Rxf8
Rxg4 41. Rf4 Rxf4 42. Bxf4 h5 43. Kg2 Kg6 44. Bd6 d3 45. Kf2 h4 46. Bxc5 a6 47.
Be3 Kf5 48. b4 Ke5 49. a4 Kd6 50. b5 axb5 51. axb5 d2 52. Bxd2 Kc5 53. Bg5 h3
54. Kg3 Kxb5 55. Kxh3 Kc5 56. Kg2 Kd5 57. Kf2 Ke5 58. Ke2 Kf5 59. Bc1 Kg4 60.
Ke3 Kf5 61. Bb2 Kg5 62. Kxe4 {
Game drawn because neither player has mating material} 1/2-1/2

[Event "ICS rated standard match"]
[Site "204.178.125.65"]
[Date "2001.04.28"]
[Round "?"]
[White "Gargantuan"]
[Black "Hossa"]
[Result "1-0"]
[WhiteElo "2551"]
[BlackElo "2326"]
[PlyCount "73"]
[EventDate "2001.??.??"]

1. Nf3 d5 2. d4 Nf6 3. c4 c6 4. Nc3 e6 5. e3 Nbd7 6. Bd3 dxc4 7. Bxc4 b5 8. Bd3
a6 9. e4 c5 10. e5 cxd4 11. Nxb5 axb5 12. exf6 Bb7 13. fxg7 Bxg7 14. O-O b4 15.
Re1 Qc7 16. Bd2 Qd6 17. Ng5 Bd5 18. Qh5 e5 19. f4 Rxa2 20. Rxa2 Bxa2 21. fxe5
Nxe5 22. Nf3 Be6 23. Nxe5 Kf8 24. Bc4 Bxe5 25. Rxe5 Rg8 26. Bxe6 fxe6 27. Ra5
Qb6 28. Ra8+ Ke7 29. Rxg8 Kd7 30. Bf4 Kc6 31. Qf3+ Kb5 32. Qd3+ Kc5 33. Rc8+
Qc7 34. Rxc7+ Kb6 35. Qxd4+ Ka6 36. Qa7+ Kb5 37. Rc5# {Hossa checkmated} 1-0

[Event "ICS rated standard match"]
[Site "204.178.125.65"]
[Date "2001.04.28"]
[Round "?"]
[White "Hossa"]
[Black "prouddame"]
[Result "1-0"]
[WhiteElo "2319"]
[BlackElo "1388"]
[PlyCount "35"]
[EventDate "2001.??.??"]

1. d4 d5 2. c4 c6 3. Nf3 Nf6 4. Qc2 e6 5. e3 Bb4+ 6. Bd2 Bxd2+ 7. Nbxd2 O-O 8.
Be2 Nbd7 9. O-O Re8 10. Bd3 Qc7 11. Rfd1 e5 12. cxd5 e4 13. Bxe4 Nxe4 14. Nxe4
f5 15. d6 Qd8 16. Qb3+ Kh8 17. Nfg5 fxe4 18. Nf7+ {prouddame resigns} 1-0

[Event "ICS rated standard match"]
[Site "204.178.125.65"]
[Date "2001.04.28"]
[Round "?"]
[White "CHESSTICLE"]
[Black "Hossa"]
[Result "0-1"]
[WhiteElo "1318"]
[BlackElo "2319"]
[PlyCount "50"]
[EventDate "2001.??.??"]

1. e4 c5 2. Nf3 d6 3. Be2 Nf6 4. O-O Nxe4 5. d3 Nf6 6. Nc3 e5 7. h3 Be7 8. Na4
O-O 9. b3 b5 10. Nb2 Nc6 11. a3 d5 12. d4 Nxd4 13. Nxd4 cxd4 14. Bxb5 Ne4 15.
Bc6 Rb8 16. c4 dxc3 17. Na4 Be6 18. Qe1 Qd6 19. Bxd5 Qxd5 20. Nxc3 Nxc3 21.
Qxc3 Rxb3 22. Qc7 Bc5 23. Be3 Rxe3 24. fxe3 Rc8 25. Qa5 Bxe3+ {
CHESSTICLE resigns} 0-1

[Event "ICS rated standard match"]
[Site "204.178.125.65"]
[Date "2001.04.28"]
[Round "?"]
[White "Hossa"]
[Black "jorhfo"]
[Result "1-0"]
[WhiteElo "2319"]
[BlackElo "1458"]
[PlyCount "35"]
[EventDate "2001.??.??"]

1. d4 d5 2. c4 e6 3. Nc3 Bb4 4. cxd5 Bxc3+ 5. bxc3 exd5 6. Ba3 Nf6 7. Nf3 Nc6
8. e3 Bg4 9. Bd3 Na5 10. Qa4+ Nc6 11. Rb1 Rb8 12. Rxb7 Bd7 13. Rxb8 Qxb8 14.
Qd1 Na5 15. O-O Nc4 16. Bxc4 dxc4 17. Ne5 Qb6 18. Qf3 {jorhfo resigns} 1-0

[Event "ICS rated standard match"]
[Site "204.178.125.65"]
[Date "2001.04.28"]
[Round "?"]
[White "jorhfo"]
[Black "Hossa"]
[Result "0-1"]
[WhiteElo "1458"]
[BlackElo "2319"]
[PlyCount "58"]
[EventDate "2001.??.??"]

1. d4 d5 2. Nf3 Nf6 3. g3 Bg4 4. Bg2 c6 5. O-O e6 6. Nc3 Bd6 7. Nh4 O-O 8. Bf3
c5 9. Bxg4 Nxg4 10. Nf3 Nc6 11. dxc5 Bxc5 12. a3 Bxf2+ 13. Rxf2 Nxf2 14. Kxf2
d4 15. Ne4 Qd5 16. Ned2 Qh5 17. Ne4 f6 18. Bf4 e5 19. Bd2 Qf5 20. Nc5 e4 21.
Nxe4 Qxe4 22. c3 dxc3 23. Bxc3 Rfe8 24. Qb3+ Kh8 25. Re1 Re7 26. a4 Rd8 27. a5
Qe3+ 28. Kg2 Nxa5 29. Qa4 Nc6 {jorhfo resigns} 0-1

[Event "ICS rated standard match"]
[Site "204.178.125.65"]
[Date "2001.04.28"]
[Round "?"]
[White "them"]
[Black "Hossa"]
[Result "0-1"]
[WhiteElo "1194"]
[BlackElo "2321"]
[PlyCount "36"]
[EventDate "2001.??.??"]

1. e4 c5 2. Qf3 Nc6 3. Nh3 Nf6 4. g4 d5 5. exd5 Nd4 6. Qf4 Nxc2+ 7. Kd1 Nxa1 8.
g5 Qxd5 9. f3 Nh5 10. Qa4+ Bd7 11. Qa3 Bf5 12. Nf4 Bc2+ 13. Ke1 Nxf4 14. Nc3
Qxf3 15. Rg1 Nd3+ 16. Bxd3 Bxd3 17. Qa4+ b5 18. Qa6 Nc2# {them checkmated} 0-1

[Event "ICS rated standard match"]
[Site "204.178.125.65"]
[Date "2001.04.28"]
[Round "?"]
[White "gutigut"]
[Black "Hossa"]
[Result "1-0"]
[WhiteElo "2115"]
[BlackElo "2321"]
[PlyCount "121"]
[EventDate "2001.??.??"]

1. e4 d6 2. d4 Nf6 3. Nc3 g6 4. g3 Bg7 5. Bg2 O-O 6. Nge2 e5 7. O-O c6 8. h3
Be6 9. Be3 Qc8 10. Kh2 exd4 11. Nxd4 Bc4 12. Nde2 d5 13. e5 Nfd7 14. f4 Re8 15.
Qd2 f6 16. exf6 Nxf6 17. Rfe1 Nbd7 18. Rad1 Re7 19. Bd4 Ne8 20. Bxg7 Nxg7 21.
Nd4 Qf8 22. b3 Rxe1 23. Rxe1 Ba6 24. Nf3 Re8 25. Nd1 Rxe1 26. Qxe1 Qa3 27. Ng5
h6 28. Nf3 Qxa2 29. Qe7 Qxc2 30. Qxd7 Qxd1 31. Ne5 Kh7 32. Qf7 Qb1 33. Nd7 Qf5
34. Nf6+ Qxf6 35. Qxf6 Bb5 36. g4 a5 37. f5 gxf5 38. gxf5 Bd3 39. Qg6+ Kg8 40.
Qxh6 Bxf5 41. Qd2 Kf7 42. Qxa5 Ne6 43. Qb4 Nd8 44. Qd6 Ne6 45. Qd7+ Kf8 46.
Qxb7 Nd8 47. Qc7 Ke8 48. h4 Be6 49. h5 Bd7 50. h6 Nf7 51. h7 Ke7 52. Bh3 Kf6
53. Qxd7 c5 54. Be6 Nh8 55. Qd8+ Kxe6 56. Qxh8 d4 57. Qe8+ Kd6 58. h8=Q Kc7 59.
Qe6 Kb7 60. Qg7+ Kb8 61. Qe8# {Hossa checkmated} 1-0

[Event "ICS rated standard match"]
[Site "204.178.125.65"]
[Date "2001.04.28"]
[Round "?"]
[White "Hossa"]
[Black "gutigut"]
[Result "1-0"]
[WhiteElo "2319"]
[BlackElo "2321"]
[PlyCount "85"]
[EventDate "2001.??.??"]

1. Nf3 g6 2. g3 Bg7 3. e4 d6 4. d4 Nf6 5. Nc3 O-O 6. Bg2 Nbd7 7. O-O e5 8. dxe5
dxe5 9. Qe2 c6 10. Rd1 Qe7 11. a3 Re8 12. Be3 Nf8 13. Qc4 Be6 14. Qc5 Qxc5 15.
Bxc5 Bc4 16. Bd6 N6d7 17. Bc7 Rac8 18. Ba5 b6 19. Nd2 Be6 20. Bb4 c5 21. Nb5
cxb4 22. Nd6 bxa3 23. Rxa3 a5 24. Nxe8 Rxe8 25. c3 Nc5 26. b4 axb4 27. cxb4
Ncd7 28. Ra7 Rc8 29. Bf1 Rc2 30. Nf3 Bg4 31. Kg2 Nf6 32. Bd3 Rc3 33. Ra8 h6 34.
h3 Bxf3+ 35. Kxf3 Kh7 36. Ra6 Ne6 37. Rxb6 Ng5+ 38. Kg2 Ngxe4 39. Rb7 Rb3 40.
Bxe4 Nxe4 41. Rdd7 Ng5 42. h4 Ne6 43. Rxf7 {gutigut resigns} 1-0

[Event "ICS rated standard match"]
[Site "204.178.125.65"]
[Date "2001.04.28"]
[Round "?"]
[White "caco"]
[Black "Hossa"]
[Result "0-1"]
[WhiteElo "1790"]
[BlackElo "2321"]
[PlyCount "76"]
[EventDate "2001.??.??"]

1. e4 c6 2. f4 d5 3. e5 Nh6 4. d4 e6 5. Nf3 c5 6. c3 Nc6 7. Bb5 Bd7 8. Bxc6
Bxc6 9. O-O Be7 10. b3 Qd7 11. a4 b5 12. a5 b4 13. cxb4 cxb4 14. Ng5 Bb5 15.
Rf3 Rc8 16. Nd2 Nf5 17. Nf1 f6 18. Nh3 Nxd4 19. Rg3 Ne2+ 20. Kh1 Nxg3+ 21. hxg3
Bxf1 22. Qxf1 Rc3 23. Rb1 Rxg3 24. Bd2 O-O 25. Kh2 Rg6 26. Qe2 Rh6 27. f5 Rh4
28. g3 Re4 29. Qh5 fxe5 30. Ng5 Bxg5 31. Bxg5 Rxf5 32. g4 Re2+ 33. Kg3 Rff2 34.
Rh1 Rg2+ 35. Kh3 Qb5 36. Be3 Rxe3+ 37. Kxg2 Qe2+ 38. Kg1 Rg3# {caco checkmated}
0-1

[Event "ICS Rated standard match"]
[Site "204.178.125.65"]
[Date "2001.04.28"]
[Round "?"]
[White "Hossa"]
[Black "petereks"]
[Result "0-1"]
[WhiteElo "2322"]
[BlackElo "2444"]
[PlyCount "130"]
[EventDate "2001.??.??"]

1. e4 e5 2. Nf3 Nc6 3. Nc3 Nf6 4. d4 exd4 5. Nxd4 Bb4 6. Nxc6 bxc6 7. f3 Bxc3+
8. bxc3 Qe7 9. Bd3 O-O 10. O-O Qc5+ 11. Kh1 Rb8 12. Qe1 d6 13. Be3 Qa3 14. Bd4
Nd7 15. Qg3 f6 16. Bc4+ Kh8 17. f4 c5 18. Bf2 Nb6 19. Bb3 Ba6 20. c4 Nxc4 21.
Rfe1 Rb7 22. Qg4 Na5 23. Bd5 c6 24. Be6 Nc4 25. Qh5 Qc3 26. Rec1 Qd2 27. Qf3
Re8 28. Bf5 g6 29. Bh3 Rbe7 30. Be1 Qe3 31. Bc3 Kg7 32. Re1 Qxf3 33. gxf3 Na3
34. Rac1 d5 35. f5 dxe4 36. fxg6 hxg6 37. Re3 Nb5 38. fxe4 Rxe4 39. Rxe4 Rxe4
40. Bb2 c4 41. Bg2 c3 42. Ba1 Re3 43. Bxc6 Nd4 44. Bd5 Bc8 45. Kg1 Re5 46. Bc4
Re2 47. Bd5 Rd2 48. Re1 Rxc2 49. Kh1 Bg4 50. Bb3 Rf2 51. Kg1 Rd2 52. Re3 c2 53.
Bxc2 Nxc2 54. Re7+ Kf8 55. Bxf6 Nd4 56. Bxd4 Kxe7 57. Bxa7 Rxa2 58. Bf2 Bh3 59.
Be3 Ke6 60. Bf4 Kf5 61. Bd6 Kg4 62. Be5 Kf3 63. Kh1 Rd2 64. Bd4 Bg2+ 65. Kg1
Rd1# {Hossa checkmated} 0-1

[Event "ICS rated standard match"]
[Site "204.178.125.65"]
[Date "2001.04.28"]
[Round "?"]
[White "BRAINWORKLAND"]
[Black "Hossa"]
[Result "0-1"]
[WhiteElo "2021"]
[BlackElo "2315"]
[PlyCount "140"]
[EventDate "2001.??.??"]

1. c4 b6 2. Nc3 Bb7 3. e4 e5 4. Nf3 Nc6 5. d4 exd4 6. Nxd4 Bb4 7. Qd3 Nxd4 8.
Qxd4 Nf6 9. Bg5 Qe7 10. Bxf6 gxf6 11. O-O-O c5 12. Qd3 Bxc3 13. Qxc3 O-O-O 14.
f3 f5 15. exf5 Qg5+ 16. Kb1 Qxf5+ 17. Bd3 Qf4 18. Qc2 h5 19. Be4 Bxe4 20. fxe4
Rhe8 21. Rde1 Kb8 22. Qe2 Qe5 23. Qe3 f5 24. Rhf1 Qxe4+ 25. Qxe4 Rxe4 26. Rxe4
fxe4 27. Kc2 Rg8 28. g3 h4 29. gxh4 Rg4 30. h5 Rh4 31. h3 Rxh5 32. Rf4 Rxh3 33.
Rxe4 Kc7 34. Re2 a6 35. Rf2 b5 36. b3 Rg3 37. Kb2 Re3 38. Kc2 Rh3 39. Rg2 Kb7
40. Rf2 Rg3 41. Kb2 Re3 42. Kc2 Kc6 43. Kd2 Rh3 44. Kc2 Rg3 45. Rh2 Rg4 46. Kc3
Rg6 47. Rf2 Rh6 48. Rg2 bxc4 49. bxc4 d5 50. cxd5+ Kxd5 51. Rg5+ Kc6 52. Rg2
Rh3+ 53. Kc4 Rh4+ 54. Kc3 Ra4 55. Kb3 Rb4+ 56. Kc3 Kb5 57. a3 Rc4+ 58. Kb3 Re4
59. Rg3 a5 60. Rg8 a4+ 61. Kb2 Re3 62. Rb8+ Kc4 63. Rb7 Rb3+ 64. Rxb3 axb3 65.
a4 Kd3 66. a5 c4 67. a6 c3+ 68. Kxb3 c2 69. a7 c1=Q 70. a8=Q Qb1+ {
BRAINWORKLAND resigns} 0-1

[Event "ICS rated standard match"]
[Site "204.178.125.65"]
[Date "2001.04.28"]
[Round "?"]
[White "Hossa"]
[Black "MAX-MARX"]
[Result "1-0"]
[WhiteElo "2316"]
[BlackElo "1598"]
[PlyCount "33"]
[EventDate "2001.??.??"]

1. Nf3 Nf6 2. c4 b6 3. Nc3 Bb7 4. d4 e6 5. a3 Be7 6. e3 O-O 7. Bd3 d5 8. O-O
Nbd7 9. cxd5 exd5 10. Qc2 h6 11. Bd2 c5 12. Nh4 c4 13. Be2 Ne4 14. Nxe4 dxe4
15. Nf5 Rc8 16. Nxe7+ Qxe7 17. Bb4 {MAX-MARX resigns} 1-0

[Event "ICS rated standard match"]
[Site "204.178.125.65"]
[Date "2001.04.28"]
[Round "?"]
[White "Petulo4"]
[Black "Hossa"]
[Result "0-1"]
[WhiteElo "1623"]
[BlackElo "2317"]
[PlyCount "154"]
[EventDate "2001.??.??"]

1. e4 d5 2. exd5 Qxd5 3. Nc3 Qa5 4. Bb5+ c6 5. Ba4 Nf6 6. d3 e5 7. Bd2 Bb4 8.
Bb3 Nd5 9. Nge2 Bg4 10. f3 Be6 11. O-O O-O 12. a3 Nxc3 13. bxc3 Bxa3 14. Bxe6
fxe6 15. Qb1 Qc5+ 16. Kh1 Qe7 17. Qb3 Bc5 18. d4 exd4 19. cxd4 Bd6 20. f4 Rf5
21. Ng3 Rb5 22. Qc4 Nd7 23. Qd3 Bc7 24. c4 Rb2 25. Bc3 Rb3 26. Qc2 Ra3 27. Rab1
Qe8 28. Rxb7 Qc8 29. Rb3 Rxb3 30. Qxb3 Nf6 31. Qc2 Qd7 32. Ne4 Nxe4 33. Qxe4 a5
34. h3 Rf8 35. Rf3 a4 36. Bb4 Rf7 37. g4 Bb6 38. c5 Bc7 39. f5 exf5 40. Rxf5 g6
41. Rxf7 Kxf7 42. Kg2 Qe6 43. Qxe6+ Kxe6 44. Kf3 Kd5 45. Ke3 Kc4 46. Ba3 Bd8
47. Ke4 Kb3 48. Bc1 a3 49. Bxa3 Kxa3 50. d5 Kb4 51. dxc6 Kxc5 52. Ke5 Kxc6 53.
Ke6 Bg5 54. Kf7 Kd5 55. Kg7 Bh4 56. Kxh7 g5 57. Kg6 Ke5 58. Kh5 Kf4 59. Kg6 Kg3
60. Kf5 Kxh3 61. Ke4 Kxg4 62. Ke3 Kh3 63. Ke2 g4 64. Kf1 Be7 65. Kg1 Bc5+ 66.
Kh1 Bb4 67. Kg1 Kg3 68. Kh1 Kf3 69. Kg1 g3 70. Kh1 g2+ 71. Kg1 Bc5+ 72. Kh2
Bd6+ 73. Kg1 Bh2+ 74. Kxh2 Kf2 75. Kh3 g1=Q 76. Kh4 Qg6 77. Kh3 Qg3# {
Petulo4 checkmated} 0-1

[Event "ICS rated standard match"]
[Site "204.178.125.65"]
[Date "2001.04.28"]
[Round "?"]
[White "Hossa"]
[Black "Good-Boy"]
[Result "0-1"]
[WhiteElo "2318"]
[BlackElo "2757"]
[PlyCount "96"]
[EventDate "2001.??.??"]

1. e4 e5 2. Ne2 Nf6 3. f4 Nxe4 4. fxe5 Qh4+ 5. g3 Qh5 6. Bg2 Qxe5 7. O-O d5 8.
d4 Qe7 9. Nec3 Nxc3 10. Nxc3 c6 11. Re1 Be6 12. Bh3 h5 13. Bxe6 fxe6 14. Qe2
Kd7 15. Bf4 Qf7 16. a3 h4 17. Rf1 Qg6 18. g4 c5 19. Bxb8 Rxb8 20. Qb5+ Kc8 21.
h3 cxd4 22. Ne2 Bd6 23. Nxd4 Qe4 24. Nf3 Qf4 25. Qe2 Qg3+ 26. Qg2 Kd7 27. Rae1
Rhf8 28. Qxg3 Bxg3 29. Rd1 Rf4 30. Ne5+ Kd6 31. Rxf4 Bxf4 32. Ng6 Bg3 33. Rf1
e5 34. g5 d4 35. Rf7 Rc8 36. Rxb7 Rxc2 37. Rxa7 d3 38. Ra6+ Kc5 39. b4+ Kc4 40.
Rd6 e4 41. Rd8 e3 42. Nf4 Bh2+ 43. Kh1 Bxf4 44. Rf8 e2 45. Kg2 e1=Q+ 46. Kf3
Qg3+ 47. Ke4 Re2+ 48. Kf5 Qxg5# {Hossa checkmated} 0-1

[Event "ICS rated blitz match"]
[Site "204.178.125.65"]
[Date "2001.04.28"]
[Round "?"]
[White "Hossa"]
[Black "PostModernist"]
[Result "1-0"]
[WhiteElo "2554"]
[BlackElo "2492"]
[PlyCount "67"]
[EventDate "2001.??.??"]

1. d4 d5 2. c4 c6 3. Nf3 e6 4. e3 f5 5. cxd5 exd5 6. Bd3 Bb4+ 7. Bd2 Bd6 8. Qc2
Ne7 9. Nc3 O-O 10. h4 a5 11. h5 Na6 12. a3 c5 13. b3 Bd7 14. h6 g6 15. Bxa6
Rxa6 16. dxc5 Bxc5 17. Nxd5 Qc8 18. Qb2 Rf7 19. Nf4 Rff6 20. Rc1 Rad6 21. Qe5
Rc6 22. Rxc5 Rxc5 23. Qxf6 Rc1+ 24. Bxc1 Qxc1+ 25. Ke2 Bb5+ 26. Nd3 Qc2+ 27.
Ke1 Qb1+ 28. Kd2 Qxd3+ 29. Kc1 Qc3+ 30. Qxc3 Kf7 31. Ng5+ Ke8 32. Rd1 Nd5 33.
Qc8+ Ke7 34. Rxd5 {PostModernist resigns} 1-0

[Event "ICS rated standard match"]
[Site "204.178.125.65"]
[Date "2001.04.28"]
[Round "?"]
[White "Hossa"]
[Black "ghost"]
[Result "0-1"]
[WhiteElo "2320"]
[BlackElo "2540"]
[PlyCount "132"]
[EventDate "2001.??.??"]

1. e4 c5 2. Nf3 Nc6 3. Bb5 g6 4. O-O Bg7 5. d3 a6 6. Bxc6 dxc6 7. Nc3 Nf6 8. a4
O-O 9. Be3 Qa5 10. Ra3 Be6 11. Ng5 Bg4 12. f3 Bc8 13. Qd2 h6 14. e5 hxg5 15.
exf6 exf6 16. Qf2 c4 17. dxc4 Be6 18. Re1 Qc7 19. f4 Bxc4 20. fxg5 fxg5 21.
Bxg5 Rae8 22. Rd1 Qe5 23. Qh4 Be2 24. Rd2 Qc5+ 25. Kh1 f6 26. Bh6 Qh5 27. Qf2
Qxh6 28. Rxe2 Qc1+ 29. Qg1 Bh6 30. Ne4 Re6 31. Rg3 Kg7 32. Rd3 Qxg1+ 33. Kxg1
Rfe8 34. Rd7+ Kf8 35. Rf2 Be3 36. Ng3 Bc5 37. b4 Re1+ 38. Nf1 Bxf2+ 39. Kxf2
R8e2+ 40. Kf3 Rxc2 41. Nd2 b6 42. Ne4 Rf1+ 43. Kg3 Ra2 44. Rd8+ Kg7 45. Kh3
Rxa4 46. Rd4 c5 47. Rd7+ Kh6 48. Rd6 f5 49. Nd2 Ra3+ 50. Nf3 Kh5 51. Kg3 g5 52.
Rd5 cxb4 53. Rxf5 Raxf3+ 54. gxf3 b3 55. Rf6 b2 56. Rxb6 b1=Q 57. Rxb1 Rxb1 58.
Kg2 Rb2+ 59. Kf1 a5 60. Ke1 a4 61. Kd1 a3 62. Kc1 Kh4 63. h3 Kxh3 64. f4 gxf4
65. Kd1 a2 66. Kc1 a1=Q# {Hossa checkmated} 0-1

[Event "ICS Rated standard match"]
[Site "204.178.125.65"]
[Date "2001.04.28"]
[Round "?"]
[White "QuarkX"]
[Black "Hossa"]
[Result "0-1"]
[WhiteElo "2323"]
[BlackElo "2313"]
[PlyCount "68"]
[EventDate "2001.??.??"]

1. d4 Nf6 2. Nf3 g6 3. Bg5 Bg7 4. Nbd2 d5 5. c3 O-O 6. e3 Bf5 7. Qb3 b6 8. Nh4
Bc8 9. Be2 h6 10. Bxf6 Bxf6 11. Nhf3 c5 12. dxc5 bxc5 13. O-O-O c4 14. Qb5 e6
15. Ne4 Be7 16. Bxc4 Ba6 17. Rxd5 exd5 18. Qxd5 Bxc4 19. Qxc4 Qc8 20. Qd5 Nc6
21. Kb1 Rb8 22. Ne5 Qb7 23. b3 Nxe5 24. Qxe5 f5 25. Qe6+ Kh7 26. Ng3 Rf6 27.
Qe5 Rb6 28. Ka1 Bf6 29. Qc5 Rxb3 30. axb3 Qxb3 31. Qxa7+ Bg7 32. Qxg7+ Kxg7 33.
Nxf5+ gxf5 34. Rd1 Qb2# {QuarkX checkmated} 0-1

[Event "ICS Rated standard match"]
[Site "204.178.125.65"]
[Date "2001.04.28"]
[Round "?"]
[White "Hossa"]
[Black "ShowMan"]
[Result "1-0"]
[WhiteElo "2329"]
[BlackElo "800"]
[PlyCount "117"]
[EventDate "2001.??.??"]

1. e4 e5 2. Nf3 Nc6 3. Bc4 Bc5 4. c3 Nf6 5. d3 d6 6. b4 Bb6 7. a4 a6 8. O-O O-O
9. Nbd2 Ne7 10. Bb2 a5 11. bxa5 Rxa5 12. Qc2 Ra8 13. d4 Ng6 14. dxe5 dxe5 15.
Ba3 c5 16. Rab1 Qc7 17. Ng5 Ba7 18. Rb5 Bd7 19. Rb2 Bc6 20. Rd1 h6 21. Ngf3
Rfd8 22. Rdb1 b6 23. Bb5 Qb7 24. Bxc6 Qxc6 25. Rb5 Re8 26. Re1 Bb8 27. Nc4 Bc7
28. Nfd2 Nf4 29. Ne3 Rad8 30. f3 Rb8 31. Rd1 Red8 32. g3 Ne6 33. Nf5 Qd7 34.
Bc1 Qd3 35. Qxd3 Rxd3 36. c4 Ra8 37. a5 Rxa5 38. Rb3 Rd7 39. Rb1 Nd4 40. Bb2
Nxf5 41. exf5 Ra2 42. Kf2 e4 43. Ke2 exf3+ 44. Kxf3 Kf8 45. Ke2 Ng4 46. Nf1
Re7+ 47. Kf3 Ne5+ 48. Bxe5 Rxe5 49. g4 Ra3+ 50. Kf2 Re4 51. Rd7 Ra7 52. Ne3
Ra2+ 53. Kf1 Bxh2 54. Rb3 Rf4+ 55. Ke1 Bg3+ 56. Kd1 Rff2 57. Nc2 Rfxc2 58. f6
gxf6 59. Ra7 {ShowMan resigns} 1-0